[Event "4NCL Division One"]
[Site "Daventry, ENG"]
[Date "2022.10.23"]
[Round "2.13"]
[White "Royal, Shreyas"]
[Black "Pert, Nicholas"]
[Result "1/2-1/2"]
[WhiteElo "2431"]
[BlackElo "2540"]
[PlyCount "79"]
[EventDate "2022.10.23"]
[WhiteTeam "Wood Green Youth"]
[BlackTeam "Cheddleton"]

1. d4 Nf6 2. c4 e6 3. Nf3 d5 4. g3 dxc4 5. Bg2 c5 6. O-O Nc6 7. Qa4 Bd7 8. Qxc4
b5 9. Qd3 c4 10. Qd1 Rc8 11. Bf4 Be7 12. Nc3 b4 13. Nb5 Qa5 14. Nd6+ Bxd6 15.
Bxd6 Ne4 16. Bf4 c3 17. bxc3 bxc3 18. Ne5 Nxe5 19. Bxe4 Nc4 20. Bb7 Nb2 21. Qc1
Rc4 22. Qe3 O-O 23. Be5 h6 24. Be4 Bc6 25. Bxc6 Rxc6 26. Qf3 Qb5 27. Rfc1 Nc4
28. Rxc3 Qb2 29. Rac1 Nxe5 30. dxe5 Qxc1+ 31. Rxc1 Rxc1+ 32. Kg2 Rfc8 33. Qa3
R8c7 34. Qd6 g6 35. h4 h5 36. g4 hxg4 37. h5 gxh5 38. Qd8+ Kg7 39. Qg5+ Kf8 40.
Qd8+ 1/2-1/2

[Event "4NCL Division One"]
[Site "Daventry, ENG"]
[Date "2022.10.23"]
[Round "2.14"]
[White "Arkell, Keith C"]
[Black "Stoyanov, Viktor"]
[Result "1-0"]
[WhiteElo "2413"]
[BlackElo "2256"]
[PlyCount "159"]
[EventDate "2022.10.23"]
[WhiteTeam "Cheddleton"]
[BlackTeam "Wood Green Youth"]

1. c4 c5 2. Nc3 Nf6 3. g3 Nc6 4. Bg2 g6 5. a3 a5 6. Nf3 Bg7 7. O-O O-O 8. d4
cxd4 9. Nxd4 Nxd4 10. Qxd4 d6 11. Qd3 Nd7 12. Qc2 Nc5 13. Bf4 a4 14. Rad1 Bf5
15. e4 Bg4 16. f3 Be6 17. Be3 Qb6 18. Nb5 Rfc8 19. Rf2 Qa6 20. Bf1 Nb3 21. Bg5
f6 22. Be3 Qc6 23. Qb1 b6 24. Nc3 Qe8 25. Nd5 Bxd5 26. cxd5 Qd7 27. Qd3 Nc5 28.
Qb5 Qxb5 29. Bxb5 f5 30. exf5 gxf5 31. Bg5 Ra7 32. Rc2 Kf7 33. Rdd2 Rac7 34.
Re2 Bf6 35. Bxf6 Kxf6 36. Rc4 e5 37. dxe6 Nxe6 38. Rh4 Ng5 39. Rh6+ Kg7 40.
Rxd6 Nxf3+ 41. Kg2 Ng5 42. Bxa4 Rb8 43. Bc2 Nf7 44. Rd5 b5 45. Bxf5 b4 46. Rd7
Rxd7 47. Bxd7 bxa3 48. bxa3 Rb7 49. Bc6 Rc7 50. Bd5 Nd6 51. a4 Rc5 52. Bb3 Rc3
53. Re7+ Kf8 54. Rd7 Ne4 55. Bd1 Ra3 56. Rc7 h6 57. Bc2 Ra2 58. Kf3 Ng5+ 59.
Kg4 Ne6 60. Rc4 Kg7 61. h4 Ra3 62. Bf5 Nd8 63. Kf4 Ra1 64. g4 Nf7 65. Rb4 h5
66. Be6 Nd8 67. Bd5 hxg4 68. Kxg4 Kf6 69. Kf4 Rf1+ 70. Ke3 Rd1 71. Rb5 Ra1 72.
a5 Ke5 73. Be4+ Kd6 74. h5 Ra3+ 75. Kd2 Nf7 76. Kc2 Ra1 77. Kb2 Ra4 78. Bc2 Rg4
79. a6 Rg8 80. Be4 1-0

[Event "4NCL Division One"]
[Site "Daventry, ENG"]
[Date "2022.10.23"]
[Round "2.15"]
[White "Yao, Lan"]
[Black "Pert, Richard G"]
[Result "1/2-1/2"]
[WhiteElo "2274"]
[BlackElo "2412"]
[PlyCount "32"]
[EventDate "2022.10.23"]
[WhiteTeam "Wood Green Youth"]
[BlackTeam "Cheddleton"]

1. e4 c6 2. d4 d5 3. Nd2 dxe4 4. Nxe4 Nf6 5. Nxf6+ exf6 6. c3 Bd6 7. Bd3 O-O 8.
Qc2 Re8+ 9. Ne2 h5 10. O-O h4 11. Bf4 Na6 12. Qd2 Nc7 13. Bxd6 Qxd6 14. Qf4
Qxf4 15. Nxf4 Bd7 16. Rfe1 g6 1/2-1/2

[Event "4NCL Division One"]
[Site "Daventry, ENG"]
[Date "2022.10.23"]
[Round "2.16"]
[White "Eggleston, David J"]
[Black "Horton, Jamie A"]
[Result "1-0"]
[WhiteElo "2354"]
[BlackElo "2249"]
[PlyCount "115"]
[EventDate "2022.10.23"]
[WhiteTeam "Cheddleton"]
[BlackTeam "Wood Green Youth"]

1. e4 c6 2. d4 d5 3. e5 Bf5 4. h4 h5 5. c4 e6 6. Nc3 Ne7 7. Nge2 Nd7 8. Ng3 Bg6
9. Bg5 Qb6 10. Rc1 dxc4 11. Bxc4 Rd8 12. Na4 Qa5+ 13. Bd2 Qc7 14. O-O Nf5 15.
Nxf5 Bxf5 16. Bg5 Rb8 17. Bd3 Bxd3 18. Qxd3 Nb6 19. Nxb6 Qxb6 20. Rc3 Qa5 21.
Qe4 Qd5 22. Qxd5 exd5 23. f4 Bb4 24. Rg3 Ba5 25. f5 Bb6 26. Rf4 Rf8 27. f6 g6
28. Bh6 Rg8 29. Re3 Bc7 30. Rf1 Bb6 31. Rf4 Bc7 32. Rf2 Rc8 33. e6 Bd6 34. Bf4
Bxf4 35. Rxf4 Rc7 36. e7 Rd7 37. Re5 Rd6 38. Kf2 Kd7 39. g3 Ke8 40. b4 Kd7 41.
Kf3 Ke8 42. g4 hxg4+ 43. Kxg4 Kd7 44. a4 b6 45. Kf3 Rh8 46. Rg5 Ke8 47. Kg4 Rh6
48. Kg3 Rh8 49. h5 gxh5 50. Kh4 Kd7 51. Rxh5 Rg8 52. Rh7 Ke8 53. Rg7 Rh8+ 54.
Kg5 Re6 55. Rh4 Rxh4 56. Rg8+ Kd7 57. Rd8+ Kc7 58. Kxh4 1-0

[Event "4NCL Division One"]
[Site "Daventry, ENG"]
[Date "2022.10.23"]
[Round "2.17"]
[White "Kalaiyalahan, Akshaya"]
[Black "Boswell, Jacob Connor"]
[Result "1-0"]
[WhiteElo "2205"]
[BlackElo "2110"]
[PlyCount "109"]
[EventDate "2022.10.23"]
[WhiteTeam "Wood Green Youth"]
[BlackTeam "Cheddleton"]

1. d4 Nf6 2. Nf3 g6 3. c4 Bg7 4. g3 O-O 5. Bg2 d6 6. O-O Nc6 7. Nc3 a6 8. Qc2
Rb8 9. Rd1 Bf5 10. e4 Bg4 11. Be3 Nd7 12. h3 Bxf3 13. Bxf3 e5 14. d5 Nd4 15.
Bxd4 exd4 16. Ne2 c5 17. dxc6 bxc6 18. Nxd4 Ne5 19. Be2 c5 20. Nb3 Nc6 21. Rd2
Nd4 22. Nxd4 Bxd4 23. Rb1 a5 24. Kg2 Rb6 25. b3 Qf6 26. f4 g5 27. Rf1 a4 28.
Bd3 axb3 29. axb3 Rfb8 30. e5 dxe5 31. Bxh7+ Kh8 32. fxg5 Qxg5 33. Rd3 Rf6 34.
Rxf6 Qxf6 35. Rf3 Qg7 36. Be4 Rb6 37. Qa2 Qh6 38. Rxf7 Ra6 39. Qe2 Kg8 40. Rf5
Rf6 41. Bd5+ Kf8 42. Rxf6+ Qxf6 43. Qf3 Ke7 44. Qxf6+ Kxf6 45. Kf3 Bc3 46. h4
Be1 47. Be4 Kg7 48. Kg4 Kh6 49. Kh3 Kh5 50. g4+ Kh6 51. g5+ Kh5 52. Bf3+ Kg6
53. Kg4 Bd2 54. h5+ Kg7 55. h6+ 1-0

[Event "4NCL Division One"]
[Site "Daventry, ENG"]
[Date "2022.10.23"]
[Round "2.18"]
[White "Steil-Antoni, Fiona"]
[Black "Dias, Savin"]
[Result "1-0"]
[WhiteElo "2189"]
[BlackElo "2166"]
[PlyCount "51"]
[EventDate "2022.10.23"]
[WhiteTeam "Cheddleton"]
[BlackTeam "Wood Green Youth"]

1. e4 c5 2. Nf3 g6 3. c3 Nf6 4. Bd3 Bg7 5. Bc2 Nc6 6. O-O d6 7. h3 O-O 8. Re1
e5 9. d4 Qb6 10. dxe5 dxe5 11. Na3 Be6 12. Qe2 Rad8 13. Be3 Qxb2 14. Bxc5 a6
15. Qe3 Bxa2 16. Reb1 Bxb1 17. Rxb1 Qxb1+ 18. Bxb1 Rd1+ 19. Kh2 Rfd8 20. Bc2
Ra1 21. Nc4 Nd7 22. Bd6 a5 23. Ba3 Bf8 24. Bb2 b5 25. Bxa1 bxc4 26. Ba4 1-0

[Event "4NCL Division One"]
[Site "Daventry, ENG"]
[Date "2022.10.23"]
[Round "2.21"]
[White "Murphy, Conor E"]
[Black "Bobras, Piotr"]
[Result "0-1"]
[WhiteElo "2425"]
[BlackElo "2490"]
[PlyCount "78"]
[EventDate "2022.10.23"]
[WhiteTeam "Cambridge University 1"]
[BlackTeam "Chess.com Manx Liberty"]

1. d4 Nf6 2. c4 g6 3. g3 Bg7 4. Bg2 c5 5. Nf3 cxd4 6. Nxd4 O-O 7. Nc3 Qc7 8.
Qd3 Nc6 9. Bf4 Ne5 10. Qd2 Nh5 11. Nd5 Qd8 12. Bg5 f6 13. Bf4 e6 14. Ne3 Nf7
15. Nb5 Nxf4 16. gxf4 a6 17. Nd6 Qc7 18. Rd1 Nxd6 19. Qxd6 Qxd6 20. Rxd6 Rd8
21. Rb6 Bf8 22. h4 h5 23. f5 gxf5 24. Bf3 Bc5 25. Rb3 Kg7 26. Bxh5 Kh6 27. Bf3
Ra7 28. Ng2 b6 29. Nf4 a5 30. Rg1 Ba6 31. Rg6+ Kh7 32. Bh5 Bd6 33. Nh3 Bxc4 34.
Rxb6 Bc7 35. Rxf6 Bxb6 36. Ng5+ Kg7 37. Rf7+ Kg8 38. Bg6 d6 39. b3 Bd5 0-1

[Event "4NCL Division One"]
[Site "Daventry, ENG"]
[Date "2022.10.23"]
[Round "2.22"]
[White "Cyborowski, Lukasz"]
[Black "Bisby, Daniel L"]
[Result "1-0"]
[WhiteElo "2490"]
[BlackElo "2277"]
[PlyCount "79"]
[EventDate "2022.10.23"]
[WhiteTeam "Chess.com Manx Liberty"]
[BlackTeam "Cambridge University 1"]

1. e4 c5 2. Nf3 Nc6 3. d4 cxd4 4. Nxd4 e5 5. Nb5 d6 6. N1c3 a6 7. Na3 Be7 8.
Nc4 b5 9. Ne3 Nf6 10. Bd3 O-O 11. O-O Rb8 12. Ncd5 Nxd5 13. Nxd5 Bg5 14. Bxg5
Qxg5 15. c3 Be6 16. Ne3 a5 17. Qe2 b4 18. Bc4 bxc3 19. bxc3 Rfc8 20. Rad1 Qe7
21. Bxe6 Qxe6 22. Nf5 Rd8 23. Qa6 Rbc8 24. Nxd6 Nd4 25. cxd4 Rxd6 26. d5 Rxa6
27. dxe6 Rxe6 28. Rd5 Ra8 29. a4 Rb6 30. Rc1 Kf8 31. f3 Rb4 32. Rc7 Rb1+ 33.
Kf2 Rb2+ 34. Kg3 Rb6 35. Rxe5 Rg6+ 36. Kf2 Rf6 37. g4 h6 38. h4 Kg8 39. Rf5
Rxf5 40. gxf5 1-0

[Event "4NCL Division One"]
[Site "Daventry, ENG"]
[Date "2022.10.23"]
[Round "2.23"]
[White "McClement, Andrew"]
[Black "Csonka, Balazs"]
[Result "0-1"]
[WhiteElo "2226"]
[BlackElo "2495"]
[PlyCount "144"]
[EventDate "2022.10.23"]
[WhiteTeam "Cambridge University 1"]
[BlackTeam "Chess.com Manx Liberty"]

1. Nf3 d5 2. c4 e6 3. g3 Nf6 4. d4 dxc4 5. Qa4+ Nbd7 6. Bg2 a6 7. Qxc4 b5 8.
Qc6 Ra7 9. O-O Bb7 10. Qc2 c5 11. Bg5 Bxf3 12. Bxf3 cxd4 13. Rd1 Rc7 14. Qd3
Ne5 15. Qb3 Nxf3+ 16. Qxf3 Be7 17. Bf4 Rc5 18. Nd2 O-O 19. Rac1 Rd5 20. Rc6 e5
21. Bg5 e4 22. Qf4 e3 23. Nf3 exf2+ 24. Kxf2 h6 25. Bxf6 Bxf6 26. Rxa6 Re8 27.
Ra3 Qd7 28. Rad3 Bg5 29. Nxg5 Rf5 30. Nf3 Rxf4 31. gxf4 Qe6 32. R1d2 Qxa2 33.
Rxd4 Qe6 34. h4 Qe3+ 35. Kf1 Re4 36. b4 Rxf4 37. Rxf4 Qxf4 38. Rd4 Qe3 39. Rd5
Qc1+ 40. Kf2 Qc4 41. Rd4 Qc3 42. Rf4 g6 43. Re4 Qb2 44. Rf4 Qc3 45. Re4 Kf8 46.
Rf4 Kg7 47. Rg4 f5 48. Rd4 g5 49. hxg5 hxg5 50. Rd5 Kf6 51. Rxb5 g4 52. Re5
Qxb4 53. Re8 Qc5+ 54. Kg2 gxf3+ 55. exf3 Kg5 56. Re2 Kf4 57. Ra2 Qc4 58. Rf2
Ke3 59. Kg1 f4 60. Kg2 Qe2 61. Rxe2+ Kxe2 62. Kg1 Kxf3 63. Kf1 Ke3 64. Ke1 f3
65. Kf1 f2 66. Kg2 Ke2 67. Kg3 f1=Q 68. Kg4 Qf6 69. Kh5 Qg7 70. Kh4 Kf3 71. Kh5
Kf4 72. Kh4 Qg4# 0-1

[Event "4NCL Division One"]
[Site "Daventry, ENG"]
[Date "2022.10.23"]
[Round "2.24"]
[White "Jaracz, Pawel"]
[Black "Robertson, J Stuart"]
[Result "1-0"]
[WhiteElo "2463"]
[BlackElo "2161"]
[PlyCount "65"]
[EventDate "2022.10.23"]
[WhiteTeam "Chess.com Manx Liberty"]
[BlackTeam "Cambridge University 1"]

1. e4 c5 2. Nf3 Nc6 3. Bb5 Nf6 4. Bxc6 dxc6 5. d3 Bg4 6. Nbd2 Nd7 7. h3 Bh5 8.
g4 Bg6 9. e5 e6 10. Qe2 h5 11. Rg1 hxg4 12. hxg4 Qa5 13. Kf1 Qc7 14. Ne4 O-O-O
15. Bf4 f6 16. Bg3 Qb6 17. b3 Re8 18. Kg2 Qa5 19. exf6 gxf6 20. Nxf6 Nxf6 21.
Qe5 Nxg4 22. Qxh8 Bh6 23. Qb2 Rf8 24. Rh1 c4 25. Rxh6 Qd5 26. Rh8 Qxf3+ 27. Kg1
e5 28. Rxf8+ Qxf8 29. bxc4 c5 30. Re1 Qf5 31. Qb5 b6 32. Qc6+ Kb8 33. f3 1-0

[Event "4NCL Division One"]
[Site "Daventry, ENG"]
[Date "2022.10.23"]
[Round "2.25"]
[White "Stewart, Ashley"]
[Black "Turner, Matthew J"]
[Result "1/2-1/2"]
[WhiteElo "2084"]
[BlackElo "2461"]
[PlyCount "126"]
[EventDate "2022.10.23"]
[WhiteTeam "Cambridge University 1"]
[BlackTeam "Chess.com Manx Liberty"]

1. c4 e6 2. g3 Nf6 3. Bg2 d5 4. Nf3 c5 5. O-O Nc6 6. cxd5 exd5 7. d4 Bg4 8. Ne5
Be6 9. Nxc6 bxc6 10. Nc3 Be7 11. dxc5 Bxc5 12. Na4 Bb6 13. Qc2 Rc8 14. Nxb6
axb6 15. a4 O-O 16. a5 bxa5 17. Bd2 Qd7 18. Bg5 Bf5 19. Qc5 Qe6 20. Bxf6 Qxf6
21. b3 Qb2 22. e4 Bxe4 23. Bxe4 dxe4 24. Rfb1 Qd2 25. Qxa5 Qxa5 26. Rxa5 f5 27.
Rd1 Rf7 28. Rc5 g6 29. Rdc1 Rb8 30. R1c3 Rf6 31. Rxc6 Rxc6 32. Rxc6 Rxb3 33.
Rc7 Rb8 34. h4 Rf8 35. Re7 Rf7 36. Re6 Ra7 37. Kg2 Kf7 38. Rb6 Ra2 39. Kf1 Kg7
40. Rb7+ Kh6 41. Re7 Kh5 42. Rxh7+ Kg4 43. Rb7 e3 44. Rb4+ Kh3 45. fxe3 Kxg3
46. Rb6 Kf3 47. Ke1 Kxe3 48. Re6+ Kf3 49. Rxg6 Rh2 50. Rh6 f4 51. h5 Rh1+ 52.
Kd2 Kg2 53. Rh8 f3 54. h6 f2 55. Rg8+ Kf1 56. Rh8 Rh5 57. h7 Rd5+ 58. Kc2 Rd7
59. Kc3 Rg7 60. Kd2 Re7 61. Kd1 Rg7 62. Kd2 Rf7 63. Kc2 Rg7 1/2-1/2

[Event "4NCL Division One"]
[Site "Daventry, ENG"]
[Date "2022.10.23"]
[Round "2.26"]
[White "Galyas, Miklos"]
[Black "Alldritt, Nigel R E"]
[Result "1-0"]
[WhiteElo "2450"]
[BlackElo "2018"]
[PlyCount "75"]
[EventDate "2022.10.23"]
[WhiteTeam "Chess.com Manx Liberty"]
[BlackTeam "Cambridge University 1"]

1. d4 Nf6 2. Nf3 g6 3. Bg5 Ne4 4. Bh4 d5 5. e3 Bg7 6. Nbd2 c5 7. c3 cxd4 8.
exd4 O-O 9. Nxe4 dxe4 10. Nd2 f5 11. Bc4+ Kh8 12. Qe2 Qe8 13. f3 e5 14. dxe5
Qxe5 15. fxe4 fxe4 16. Bg3 Qa5 17. Bb3 Nc6 18. O-O-O Bf5 19. Nc4 Qb5 20. Qe3
Na5 21. Nxa5 Qxa5 22. Rd5 Qa6 23. Be5 Bxe5 24. Rxe5 Qf6 25. Rd5 Rad8 26. Rxd8
Rxd8 27. Rd1 Rxd1+ 28. Kxd1 Be6 29. Ke2 Bxb3 30. axb3 Qa6+ 31. Kd2 Kg8 32. Qxe4
Qd6+ 33. Kc2 Qxh2 34. Qxb7 Qg1 35. b4 Qf2+ 36. Kb3 h5 37. c4 g5 38. Qc6 1-0

[Event "4NCL Division One"]
[Site "Daventry, ENG"]
[Date "2022.10.23"]
[Round "2.27"]
[White "Chan, Nevil"]
[Black "Kolbus, Dietmar"]
[Result "0-1"]
[WhiteElo "2012"]
[BlackElo "2292"]
[PlyCount "115"]
[EventDate "2022.10.23"]
[WhiteTeam "Cambridge University 1"]
[BlackTeam "Chess.com Manx Liberty"]

1. d4 d5 2. Nc3 c5 3. e4 dxe4 4. d5 Nf6 5. Bg5 Bf5 6. Nge2 Nbd7 7. Ng3 Bg6 8.
h4 h6 9. Bxf6 gxf6 10. Ngxe4 Bxe4 11. Nxe4 f5 12. Ng3 Qb6 13. Be2 Qxb2 14. O-O
Qf6 15. Qd3 f4 16. Ne4 Qe5 17. Bg4 e6 18. dxe6 fxe6 19. Rfe1 O-O-O 20. Nc3 Qd4
21. Bxe6 Qxd3 22. cxd3 Be7 23. Nd5 Bxh4 24. Nxf4 Bf6 25. Rac1 b6 26. Nd5 Bd4
27. Ne7+ Kc7 28. Nf5 Nb8 29. Nxd4 Rxd4 30. Bf5 Nc6 31. Re3 Rf8 32. Be4 Rf6 33.
Kf1 Ra4 34. Bxc6 Kxc6 35. Rc2 Kd5 36. Ke2 h5 37. f3 Re6 38. Rxe6 Kxe6 39. Ke3
Kd5 40. g3 Ke6 41. Rb2 Kf6 42. Ke2 h4 43. gxh4 Rxh4 44. Ke3 Ra4 45. Rc2 Kf5 46.
Rb2 Ra3 47. Rc2 Ke5 48. Ke2 Kd4 49. Rc4+ Kd5 50. Rc2 b5 51. Rb2 a6 52. Rd2 Kd4
53. f4 Rc3 54. Ke1 Ke3 55. f5 Rc1+ 56. Rd1 Rc2 57. f6 Rh2 58. Ra1 0-1

[Event "4NCL Division One"]
[Site "Daventry, ENG"]
[Date "2022.10.23"]
[Round "2.28"]
[White "Terbe, Julianna"]
[Black "Sivanandan, Bodhana"]
[Result "1-0"]
[WhiteElo "2281"]
[BlackElo "1853"]
[PlyCount "87"]
[EventDate "2022.10.23"]
[WhiteTeam "Chess.com Manx Liberty"]
[BlackTeam "Cambridge University 1"]

1. Nf3 Nf6 2. g3 d5 3. Bg2 e6 4. d4 b6 5. c4 Bb7 6. Nc3 Bd6 7. O-O O-O 8. cxd5
exd5 9. Nb5 Be7 10. Bf4 Na6 11. Rc1 c6 12. Nc3 Nc7 13. Qb3 Ne6 14. Be3 Rc8 15.
Rfd1 Bd6 16. h3 Re8 17. Kh2 Kh8 18. a4 Ne4 19. Nxe4 dxe4 20. Ne5 Bxe5 21. dxe5
Qc7 22. Bxe4 Qxe5 23. Qc2 h6 24. Rd7 Nc7 25. Bf3 Qe6 26. Bg4 Qe4 27. Qxe4 Rxe4
28. Rxf7 Rb8 29. Rxc7 Rxa4 30. Rd1 Ba6 31. Rdd7 Rxg4 32. hxg4 Rg8 33. Bxh6 Bxe2
34. Bxg7+ Kh7 35. Bc3+ Kg6 36. Rg7+ Rxg7 37. Rxg7+ Kh6 38. Kh3 a5 39. Kh4 Bxg4
40. Kxg4 a4 41. Kf5 b5 42. g4 c5 43. g5+ Kh5 44. Rh7# 1-0

[Event "4NCL Division One"]
[Site "Daventry, ENG"]
[Date "2022.10.23"]
[Round "2.31"]
[White "Delaney, Killian"]
[Black "Rendle, Thomas E"]
[Result "1/2-1/2"]
[WhiteElo "2334"]
[BlackElo "2461"]
[PlyCount "90"]
[EventDate "2022.10.23"]
[WhiteTeam "Gonzaga"]
[BlackTeam "The Sharks 1"]

1. e4 e6 2. d4 d5 3. Nc3 Bb4 4. e5 c5 5. a3 Bxc3+ 6. bxc3 Ne7 7. Qg4 Qc7 8.
Qxg7 Rg8 9. Qxh7 cxd4 10. Ne2 Nbc6 11. f4 dxc3 12. h4 Bd7 13. h5 O-O-O 14. Qd3
d4 15. h6 Rg6 16. h7 Rh8 17. Nxd4 Nxd4 18. Qxd4 Bc6 19. Rh2 Rg7 20. Bd3 Nf5 21.
Bxf5 exf5 22. Qxa7 b6 23. Qxc7+ Kxc7 24. Kf2 Rhxh7 25. Rxh7 Rxh7 26. Be3 Rg7
27. Rg1 Be4 28. Bd4 Rg6 29. g3 Rh6 30. Ke2 Rc6 31. Rc1 Rc4 32. Ke3 Kc6 33. g4
Kd5 34. Bxb6 fxg4 35. Rd1+ Kc6 36. Bd4 Bxc2 37. Rc1 Kd5 38. Rxc2 Rxd4 39. Rxc3
Re4+ 40. Kf2 Rxf4+ 41. Kg3 Ra4 42. Rc7 Ke6 43. Rb7 Rxa3+ 44. Kxg4 Ra4+ 45. Kf3
Kxe5 1/2-1/2

[Event "4NCL Division One"]
[Site "Daventry, ENG"]
[Date "2022.10.23"]
[Round "2.32"]
[White "Makkar, Rajat"]
[Black "Wall, Gavin"]
[Result "1-0"]
[WhiteElo "2399"]
[BlackElo "2300"]
[PlyCount "63"]
[EventDate "2022.10.23"]
[WhiteTeam "The Sharks 1"]
[BlackTeam "Gonzaga"]

1. d4 f5 2. c4 Nf6 3. g3 g6 4. Bg2 Bg7 5. Nf3 O-O 6. O-O d6 7. Nc3 Qe8 8. b3
Na6 9. Ba3 c6 10. Qd3 Rb8 11. e4 fxe4 12. Nxe4 Nxe4 13. Qxe4 Bf5 14. Qe3 Bf6
15. Rfe1 b5 16. Qd2 Qd7 17. Ng5 bxc4 18. bxc4 Nc7 19. Rac1 Rb7 20. h3 Rb6 21.
g4 h6 22. Nf3 Be6 23. Qxh6 Bf7 24. Ng5 Bxg5 25. Qxg5 Ne6 26. Qe3 Ra6 27. Rc3 g5
28. Bxc6 Rxc6 29. d5 Nf4 30. dxc6 Qxc6 31. Qe4 d5 32. Qxe7 1-0

[Event "4NCL Division One"]
[Site "Daventry, ENG"]
[Date "2022.10.23"]
[Round "2.33"]
[White "Freeman, Gordon"]
[Black "Grieve, Harry"]
[Result "0-1"]
[WhiteElo "2225"]
[BlackElo "2497"]
[PlyCount "70"]
[EventDate "2022.10.23"]
[WhiteTeam "Gonzaga"]
[BlackTeam "The Sharks 1"]

1. d4 d5 2. Nf3 e6 3. c4 a6 4. g3 dxc4 5. Bg2 Nc6 6. O-O Rb8 7. e3 b5 8. b3
cxb3 9. Qxb3 Bb7 10. Bd2 Nf6 11. Rc1 Bd6 12. Ne1 Ne7 13. Bxb7 Rxb7 14. Nd3 h5
15. Nc5 Bxc5 16. Rxc5 h4 17. Qc2 hxg3 18. hxg3 Nd7 19. Rg5 Nf5 20. Rg4 c5 21.
dxc5 Rc7 22. c6 Ne5 23. Rf4 Rxc6 24. Qe4 Qd3 25. Nc3 Qxd2 26. Rxf5 Rxc3 27.
Rxe5 Rc1+ 28. Kg2 Rxa1 29. Rxe6+ fxe6 30. Qxe6+ Kd8 31. Qb6+ Ke7 32. Qc5+ Qd6
33. Qg5+ Qf6 34. Qc5+ Kf7 35. Qd5+ Qe6 0-1

[Event "4NCL Division One"]
[Site "Daventry, ENG"]
[Date "2022.10.23"]
[Round "2.34"]
[White "Moreby, James"]
[Black "Li, Henry"]
[Result "1-0"]
[WhiteElo "2400"]
[BlackElo "2306"]
[PlyCount "75"]
[EventDate "2022.10.23"]
[WhiteTeam "The Sharks 1"]
[BlackTeam "Gonzaga"]

1. d4 Nf6 2. c4 g6 3. Nc3 Bg7 4. e4 d6 5. Be2 O-O 6. Be3 Nc6 7. d5 Ne5 8. f4
Neg4 9. Bd2 Nh6 10. h3 b5 11. cxb5 e6 12. dxe6 fxe6 13. Bf3 Bb7 14. Nge2 d5 15.
exd5 exd5 16. Qb3 Kh8 17. O-O-O a6 18. g4 Nf7 19. Be3 Qe7 20. Bd4 axb5 21. g5
Ne4 22. Nxd5 Bxd5 23. Qxd5 Nfd6 24. Bxg7+ Kxg7 25. Rhe1 Ra4 26. Nc3 Rf5 27. Qc6
Rc4 28. Rxe4 Nxe4 29. Rd7 Rxc6 30. Rxe7+ Rf7 31. Rxf7+ Kxf7 32. Bxe4 Rc5 33. a3
c6 34. Kd2 h6 35. h4 hxg5 36. hxg5 Kg7 37. b3 Kf7 38. Kd3 1-0

[Event "4NCL Division One"]
[Site "Daventry, ENG"]
[Date "2022.10.23"]
[Round "2.35"]
[White "Thorarinsson, Pall A."]
[Black "Clarke, Brandon G I"]
[Result "0-1"]
[WhiteElo "2200"]
[BlackElo "2485"]
[PlyCount "80"]
[EventDate "2022.10.23"]
[WhiteTeam "Gonzaga"]
[BlackTeam "The Sharks 1"]

1. Nf3 Nf6 2. c4 g6 3. Nc3 Bg7 4. e4 d6 5. d4 O-O 6. Be2 e5 7. O-O Nc6 8. d5
Ne7 9. Ne1 Nd7 10. Nd3 f5 11. Bd2 Nf6 12. f3 f4 13. c5 g5 14. Rc1 Ng6 15. Nb5
Rf7 16. Ba5 b6 17. cxd6 cxd6 18. Be1 a6 19. Nc3 a5 20. b4 h5 21. h3 Bf8 22.
bxa5 bxa5 23. a4 Rg7 24. Nf2 Nh8 25. Nb5 Ne8 26. Na3 Nf7 27. Nc4 Bd7 28. Rb1
Nf6 29. Nb6 Nh6 30. Nxa8 Qxa8 31. Bb5 Bc8 32. Bc6 Qa7 33. Qb3 g4 34. Qb8 Qxb8
35. Rxb8 Ba6 36. hxg4 hxg4 37. Bb5 Bxb5 38. axb5 gxf3 39. Bxa5 Rxg2+ 40. Kh1
Nh5 0-1

[Event "4NCL Division One"]
[Site "Daventry, ENG"]
[Date "2022.10.23"]
[Round "2.36"]
[White "Dong, Bao Nghia"]
[Black "Murray, David"]
[Result "1-0"]
[WhiteElo "2402"]
[BlackElo "2146"]
[PlyCount "101"]
[EventDate "2022.10.23"]
[WhiteTeam "The Sharks 1"]
[BlackTeam "Gonzaga"]

1. e4 c5 2. Nf3 d6 3. d4 cxd4 4. Nxd4 Nf6 5. Nc3 Nc6 6. Be2 e5 7. Nb3 Be7 8.
O-O O-O 9. f4 a5 10. a4 Nb4 11. Be3 Be6 12. Bf3 exf4 13. Bxf4 Nxc2 14. Qxc2
Qb6+ 15. Nd4 Qxd4+ 16. Kh1 Rac8 17. Rfd1 Qb4 18. Qf2 Rfd8 19. Rd4 Rc4 20. Rad1
Rxd4 21. Rxd4 Qb3 22. Qd2 Qb6 23. Be3 Nd7 24. Rd5 Qc7 25. Nb5 Qc4 26. Rd4 Qf1+
27. Bg1 Nc5 28. Be2 Qf6 29. Bc4 Nb3 30. Bxb3 Bxb3 31. Qd3 Be6 32. Nc3 Qe5 33.
Nd5 Bf8 34. h3 Qg5 35. Qf3 Rc8 36. Be3 Qh4 37. Kh2 Rc2 38. e5 Qe1 39. Nf4 dxe5
40. Rd1 Qh4 41. Nxe6 fxe6 42. Rf1 Qe7 43. Bg5 Qe8 44. Qxb7 h6 45. Bh4 Qc6 46.
Qf7+ Kh7 47. Rf3 Bd6 48. Rg3 Rxg2+ 49. Rxg2 e4+ 50. Bg3 e3 51. Bf4 1-0

[Event "4NCL Division One"]
[Site "Daventry, ENG"]
[Date "2022.10.23"]
[Round "2.37"]
[White "Venkatesan, Kavin"]
[Black "Holland, James P"]
[Result "1-0"]
[WhiteElo "1983"]
[BlackElo "2384"]
[PlyCount "77"]
[EventDate "2022.10.23"]
[WhiteTeam "Gonzaga"]
[BlackTeam "The Sharks 1"]

1. d4 d5 2. c4 e6 3. Nc3 c5 4. cxd5 cxd4 5. Qa4+ Bd7 6. Qxd4 exd5 7. Qxd5 Nf6
8. Qd1 Nc6 9. Nf3 Bc5 10. e3 Qe7 11. a3 a5 12. Qc2 O-O 13. Be2 Ne5 14. O-O Rac8
15. Rd1 Rfe8 16. Nd4 Ba7 17. Nf5 Qe6 18. Nd6 Bc6 19. Nxe8 Rxe8 20. Nb5 Be4 21.
Qd2 Bb8 22. f3 Bg6 23. Qe1 Bc2 24. Nd4 Qd6 25. Nxc2 Nxf3+ 26. Bxf3 Qxh2+ 27.
Kf1 Nh5 28. Bxh5 Bg3 29. Qxa5 Qh1+ 30. Ke2 Qxg2+ 31. Kd3 b5 32. Qxb5 Qe4+ 33.
Kc3 Rc8+ 34. Kb3 g6 35. Ka2 Qxc2 36. Qb3 Qf5 37. Be2 Rb8 38. Rf1 Qd7 39. Rxf7
1-0

[Event "4NCL Division One"]
[Site "Daventry, ENG"]
[Date "2022.10.23"]
[Round "2.38"]
[White "Foisor, Mihaela-Veronica"]
[Black "Putar, Lara"]
[Result "1-0"]
[WhiteElo "2210"]
[BlackElo "1858"]
[PlyCount "99"]
[EventDate "2022.10.23"]
[WhiteTeam "The Sharks 1"]
[BlackTeam "Gonzaga"]

1. c4 c5 2. g3 Nf6 3. Bg2 Nc6 4. Nc3 e6 5. e4 d6 6. d3 Be7 7. Nge2 Nd4 8. Be3
e5 9. h3 a6 10. O-O O-O 11. f4 Rb8 12. a4 Bd7 13. f5 h6 14. Nd5 Nxd5 15. cxd5
b5 16. axb5 Nxe2+ 17. Qxe2 Bxb5 18. h4 Rb7 19. Ra3 Bf6 20. Rf2 Qe7 21. Bf1 Rfb8
22. Qh5 Kf8 23. Rh2 Ke8 24. g4 Qf8 25. g5 hxg5 26. hxg5 Be7 27. Rf2 Qg8 28. Bg2
a5 29. f6 g6 30. Qh6 Bf8 31. Qh2 a4 32. Bc1 Kd8 33. d4 Bd7 34. Bh3 Qh7 35. Bxd7
Qxh2+ 36. Rxh2 Kxd7 37. dxe5 dxe5 38. Rxa4 Rb4 39. Ra7+ R4b7 40. Rxb7+ Rxb7 41.
Kf2 c4 42. Ke1 Rb4 43. Kd2 Rb3 44. Kc2 Bc5 45. Rh7 Ke8 46. Bd2 Rg3 47. Rh8+ Kd7
48. Ba5 Rg2+ 49. Kb1 Rg1+ 50. Ka2 1-0

[Event "4NCL Division One"]
[Site "Daventry, ENG"]
[Date "2022.10.23"]
[Round "2.41"]
[White "Gormally, Daniel W"]
[Black "Alsina Leal, Daniel"]
[Result "0-1"]
[WhiteElo "2460"]
[BlackElo "2520"]
[PlyCount "48"]
[EventDate "2022.10.23"]
[WhiteTeam "Blackthorne"]
[BlackTeam "Chessable White Rose 1"]

1. d4 d5 2. c4 dxc4 3. Nf3 Nf6 4. Nc3 a6 5. e4 b5 6. e5 Nd5 7. a4 e6 8. axb5
Bb4 9. Qc2 Nb6 10. Be2 Bb7 11. bxa6 Nxa6 12. O-O Be7 13. Bxc4 Nb4 14. Rxa8 Qxa8
15. Qe2 Nxc4 16. Qxc4 Ba6 17. Qxc7 Bxf1 18. Kxf1 Qa6+ 19. Kg1 Bd8 20. Qd6 Qxd6
21. exd6 Nd3 22. Be3 Nxb2 23. d7+ Ke7 24. d5 Nc4 0-1

[Event "4NCL Division One"]
[Site "Daventry, ENG"]
[Date "2022.10.23"]
[Round "2.42"]
[White "Rowson, Jonathan"]
[Black "Bates, Richard A"]
[Result "1-0"]
[WhiteElo "2546"]
[BlackElo "2427"]
[PlyCount "101"]
[EventDate "2022.10.23"]
[WhiteTeam "Chessable White Rose 1"]
[BlackTeam "Blackthorne"]

1. d4 Nf6 2. c4 e6 3. Nc3 Bb4 4. Qc2 Nc6 5. Nf3 d6 6. Bd2 O-O 7. a3 Bxc3 8.
Bxc3 Qe7 9. e3 e5 10. d5 Nb8 11. Bd3 Nbd7 12. Nd2 Nc5 13. O-O Bd7 14. f4 exf4
15. Rae1 Nxd3 16. Qxd3 f3 17. gxf3 Bh3 18. Rf2 Nd7 19. Kh1 f6 20. e4 Nc5 21.
Qc2 c6 22. b4 Nd7 23. Rg1 cxd5 24. Rg3 d4 25. Bxd4 Be6 26. Rfg2 Rf7 27. f4 Rc8
28. Qd3 b5 29. cxb5 Rc1+ 30. Rg1 Rxg1+ 31. Kxg1 f5 32. exf5 Bxf5 33. Qe3 Nb6
34. Bxb6 axb6 35. Qxe7 Rxe7 36. Nc4 d5 37. Re3 Rxe3 38. Nxe3 Be4 39. Nd1 d4 40.
Nb2 Kf8 41. a4 Ke7 42. Kf2 Bc2 43. Ke2 Ke6 44. Kd2 Bb3 45. a5 bxa5 46. bxa5 Kd6
47. b6 Bd5 48. Kd3 Kc5 49. Na4+ Kb5 50. Kxd4 Bc6 51. Nc5 1-0